Second half price falls of 7% forecast to wipe out first half gain (Record no. 110893)

MARC details
000 -LEADER
fixed length control field 01148cad a22002295a 4500
001 - CONTROL NUMBER
control field L150487
008 - FIXED-LENGTH DATA ELEMENTS--GENERAL INFORMATION
fixed length control field 100719e20100719 d f s 000 0 eng u
035 ## - SYSTEM CONTROL NUMBER
System control number (Sirsi) u150487
041 0# - LANGUAGE CODE
Language code of text/sound track or separate title eng
050 ## - LIBRARY OF CONGRESS CALL NUMBER
Classification number 333.33 $2 18
110 2# - MAIN ENTRY--CORPORATE NAME
Corporate name or jurisdiction name as entry element Rightmove
245 00 - TITLE STATEMENT
Title Second half price falls of 7% forecast to wipe out first half gain
Medium [electronic resource]
260 ## - PUBLICATION, DISTRIBUTION, ETC.
Place of publication, distribution, etc. London
Name of publisher, distributor, etc. Rightmove
Date of publication, distribution, etc. 2010
490 00 - SERIES STATEMENT
Series statement Rightmove House Price Index
Volume/sequential designation July 2010
520 ## - SUMMARY, ETC.
Summary, etc. Average national asking price down by 0.6% between June and July 2010. Number of unsold homes per agent increased by almost 25% in the first half of 2010 as new sellers outnumber new mortgage approvals by 5:2. Latest Rightmove Consumer Confidence Survey indicates faltering home-mover sentiment. Sellers' average first half price gains of 7% will disappear by year end.
590 ## - LOCAL NOTE (RLIN)
Local note KA NTK
650 24 - SUBJECT ADDED ENTRY--TOPICAL TERM
Topical term or geographic name entry element RIGHTMOVE HOUSE PRICE INDEX
651 #4 - SUBJECT ADDED ENTRY--GEOGRAPHIC NAME
Geographic name United Kingdom
Chronological subdivision
690 ## - LOCAL SUBJECT ADDED ENTRY--TOPICAL TERM (OCLC, RLIN)
Topical term or geographic name as entry element PROPERTY-RESIDENTIAL PROPERTY-RESIDENTIAL PROPERTY MARKET
856 40 - ELECTRONIC LOCATION AND ACCESS
Uniform Resource Identifier <a href="https://www.rightmove.co.uk/news/files/2010/07/july-2010.pdf">https://www.rightmove.co.uk/news/files/2010/07/july-2010.pdf</a>
Public note View the index free of charge at www.rightmove.co.uk
942 ## - ADDED ENTRY ELEMENTS (KOHA)
Suppress in OPAC 0
Holdings
Withdrawn status Lost status Source of classification or shelving scheme Damaged status Not for loan Home library Current library Shelving location Date acquired Total Checkouts Full call number Barcode Date last seen Copy number Price effective from Koha item type
    Dewey Decimal Classification     Virtual Virtual Online 19/07/2010   ONLINE PUBLICATION 150487-2001 06/08/2019 1 06/08/2019 Book